[Event "ROU-chT Men Superliga 2018"]
[Site "Sovata"]
[Date "2018.11.25"]
[Round "2"]
[White "Szabo, Attila"]
[Black "Vasiesiu, Dan"]
[Result "1/2-1/2"]
[WhiteElo "2263"]
[BlackElo "2394"]
[Annotator "NA"]
[PlyCount "54"]
[EventDate "2018.11.24"]
[EventType "team-tourn"]
[EventCountry "ROU"]
[SourceTitle "playchess.com"]
[Source "ChessBase"]
[SourceQuality "1"]
[TimeControl "40/5400+30:1800+30"]

1. d4 {[%emt 0:00:00]} Nf6 {[%emt 0:00:00]} 2. g3 {[%emt 0:00:17]} g6 {[%emt 0:00:11]} 3. Nf3 {[%emt 0:01:10]} Bg7 {[%emt 0:00:43]} 4. Bg2 {[%emt 0:00:09]} O-O {[%emt 0:01:55]} 5. O-O {[%emt 0:01:47]} d6 {[%emt 0:02:35]} 6. c4 {[%emt 0:01:14]} Nc6 {[%emt 0:00:38]} 7. Nc3 {[%emt 0:03:37]} a6 {[%emt 0:02:09]} 8. e4 {[%emt 0:04:12]} Bg4 {[%emt 0:01:03]} 9. Be3 {[%emt 0:03:27]} Nd7 {[%emt 0:08:02]} 10. h3 {[%emt 0:07:48]} Bxf3 {[%emt 0:00:10]} 11. Bxf3 {[%emt 0:00:07]} e5 {[%emt 0:00:50]} 12. d5 {[%emt 0:00:11]} Nd4 {[%emt 0:00:22]} 13. Bg2 {[%emt 0:00:08]} c5 {[%emt 0:01:01]} 14. dxc6 {[%emt 0:01:02]} bxc6 {[%emt 0:00:16]} 15. b4 {[%emt 0:01:29]} Qe7 {[%emt 0:20:48]} 16. Qd3 {[%emt 0:08:11]} Rfb8 {[%emt 0:03:30]} 17. Rab1 {[%emt 0:03:55]} Qe6 {[%emt 0:04:28]} 18. Rfc1 {[%emt 0:05:38]} h5 {[%emt 0:02:34]} 19. a3 {[%emt 0:07:53]} h4 {[%emt 0:05:27]} 20. g4 {[%emt 0:15:06]} Qf6 {[%emt 0:16:40]} 21. Ne2 {[%emt 0:04:09]} Nf8 {[%emt 0:07:11]} 22. Nxd4 {[%emt 0:03:53]} exd4 {[%emt 0:00:09]} 23. g5 {[%emt 0:00:12]} Qe7 {[%emt 0:00:33]} 24. Bxd4 {[%emt 0:00:08]} Bxd4 {[%emt 0:00:37]} 25. Qxd4 {[%emt 0:00:36]} Qxg5 {[%emt 0:01:15]} 26. Qxd6 {[%emt 0:05:01]} Ne6 {[%emt 0:00:10]} 27. Qd1 {[%emt 0:02:03]} Rd8 {[%emt 0:01:58]} 1/2-1/2

[Event "ROU-chT Men Superliga 2018"]
[Site "Sovata"]
[Date "2018.11.25"]
[Round "2"]
[White "Daianu, Cristian-Clement"]
[Black "Nevednichy, Vladislav"]
[Result "0-1"]
[WhiteElo "2160"]
[BlackElo "2529"]
[Annotator "TA"]
[PlyCount "64"]
[EventDate "2018.11.24"]
[EventType "team-tourn"]
[EventCountry "ROU"]
[SourceTitle "playchess.com"]
[Source "ChessBase"]
[SourceQuality "1"]

{[%evp 13,64,12,11,-32,-34,-32,-32,-59,-55,-64,-52,-78,-94,-84,-94,-96,-80,-105,-102,-95,-76,-84,-79,-153,-157,-184,-186,-218,-218,-228,-229,-218,-223,-246,-236,-254,-246,-252,-248,-291,-237,-253,-261,-277,-275,-273,-264,-320,-312,-312,-327,-333,-327]} 1. e4 g6 2. d4 Bg7 3. Nc3 c6 4. Be3 d5 5. f3 Qb6 6. Qd2 Qxb2 7. Rb1 Qa3 {LiveBook: 81 Games} 8. e5 {B15: Caro-Kann: 3 Nc3: 3...g6 and 3...dxe4 4 Nxe4 Nf6 5 Nxf6+ exf6} (8. exd5 Nf6 9. dxc6 bxc6 10. Bd3 O-O 11. Nge2 Nbd7 12. O-O Ba6 13. Rb3 Qa5 14. Ne4 Qxd2 15. Bxd2 Bxd3 16. cxd3 {½-½ (27) Najer,E (2706)-Rozum,I (2573) Sochi 2017}) 8... Qa5 9. Bd3 $146 ({Predecessor:} 9. Nge2 Nd7 10. h4 Nb6 11. Nf4 h5 12. e6 Bxe6 13. Nxe6 fxe6 14. Bd3 O-O-O 15. Bxg6 e5 {0-1 (39) Gruzmann,B (2308)-Csom,I (2415) Saint Vincent 2001}) 9... Na6 {[%cal Bb8a6,Ba6b4,Bb4d3][%mdl 32]} 10. Nge2 {Black is slightly better.} Nb4 $1 11. Nf4 Nxd3+ 12. Qxd3 e6 13. Bd2 {[#] aiming for Nb5.} Qc7 14. Nce2 b6 15. O-O Ne7 16. Qa3 c5 17. Nd3 {[%cal Rd4c5]} O-O 18. c3 ({Better is} 18. dxc5 Bb7 19. f4) 18... Nc6 $17 19. Rfc1 Na5 20. Nb2 Ba6 21. Ng3 Rfc8 22. Qa4 Qe7 23. Nf1 Bxf1 24. Rxf1 cxd4 25. cxd4 Nc4 26. Bf4 Qa3 27. Qxa3 Nxa3 {Black has a decisive advantage.} 28. Rbc1 Bf8 29. Kf2 Nb5 30. Ke3 Ba3 31. Rxc8+ Rxc8 32. Nd3 Rc4 {Accuracy: White = 45%, Black = 95%.} 0-1

[Event "ROU-chT Men Superliga 2018"]
[Site "Sovata"]
[Date "2018.11.25"]
[Round "2"]
[White "Popescu, Daniel-Vasilica"]
[Black "Pavlov, Mircea-Sergiu-Aurel"]
[Result "0-1"]
[WhiteElo "2131"]
[BlackElo "2330"]
[Annotator "ChessBase"]
[PlyCount "122"]
[EventDate "2018.11.24"]
[EventType "team-tourn"]
[EventCountry "ROU"]
[SourceTitle "playchess.com"]
[Source "ChessBase"]
[SourceQuality "1"]
[TimeControl "40/5400+30:1800+30"]

1. e4 {[%emt 0:00:00]} c5 {[%emt 0:00:00]} 2. Nc3 {[%emt 0:00:00]} Nc6 {[%emt 0:00:03]} 3. Nf3 {[%emt 0:00:22]} g6 {[%emt 0:00:56]} 4. Bb5 {[%emt 0:01:50]} Bg7 {[%emt 0:02:22]} 5. d3 {[%emt 0:00:46]} Nd4 {[%emt 0:03:06]} 6. Bc4 {[%emt 0:03:28]} d6 {[%emt 0:07:56]} 7. Be3 {[%emt 0:05:44]} e6 {[%emt 0:00:32]} 8. Rb1 {[%emt 0:11:44]} Ne7 {[%emt 0:02:29]} 9. Ne2 {[%emt 0:04:10]} Nec6 {[%emt 0:04:21]} 10. Nf4 {[%emt 0:09:47]} O-O {[%emt 0:05:59]} 11. h4 {[%emt 0:04:30]} b5 {[%emt 0:16:52]} 12. Bb3 {[%emt 0:05:37]} e5 {[%emt 0:03:02]} 13. Nd5 {[%emt 0:06:53]} Bg4 {[%emt 0:02:53]} 14. c3 {[%emt 0:05:17]} Nxb3 {[%emt 0:03:30]} 15. Qxb3 {[%emt 0:00:19]} Rb8 {[%emt 0:00:29]} 16. Bg5 {[%emt 0:08:40]} Qd7 {[%emt 0:02:17]} 17. Nh2 {[%emt 0:00:30]} Be6 {[%emt 0:00:46]} 18. h5 {[%emt 0:01:40]} f6 {[%emt 0:11:14]} 19. Be3 {[%emt 0:02:26]} Ne7 {[%emt 0:06:16]} 20. hxg6 hxg6 {[%emt 0:00:10]} 21. Nxe7+ {[%emt 0:09:35]} Qxe7 {[%emt 0:00:07]} 22. Qd1 {[%emt 0:04:59]} Qd7 {[%emt 0:12:46]} 23. Nf3 {[%emt 0:00:39]} Kf7 {[%emt 0:01:47]} 24. Ke2 {[%emt 0:00:38]} Rh8 {[%emt 0:00:42]} 25. Qd2 {[%emt 0:00:09]} Bg4 {[%emt 0:03:01]} 26. Rbg1 {[%emt 0:01:55]} Rh5 {[%emt 0:02:55]} 27. Rxh5 {[%emt 0:01:39]} Bxh5 {[%emt 0:00:11]} 28. Kf1 {[%emt 0:04:52]} b4 {[%emt 0:02:05]} 29. Ne1 {[%emt 0:01:20]} bxc3 {[%emt 0:00:54]} 30. Qxc3 {[%emt 0:00:50]} Bg4 {[%emt 0:00:21]} 31. Rh1 {[%emt 0:01:36]} Qa4 {[%emt 0:01:35]} 32. a3 {[%emt 0:01:57]} Qb3 {[%emt 0:01:03]} 33. Qxb3+ {[%emt 0:01:22]} Rxb3 {[%emt 0:00:01]} 34. Bc1 {[%emt 0:00:07]} Be6 {[%emt 0:00:29]} 35. Ke2 {[%emt 0:00:56]} d5 36. f3 {[%emt 0:00:41]} d4 {[%emt 0:00:41]} 37. Kd2 {[%emt 0:00:16]} c4 {[%emt 0:00:11]} 38. Kc2 {[%emt 0:00:34]} c3 {[%emt 0:00:57]} 39. g3 {[%emt 0:00:39]} f5 {[%emt 0:00:06]} 40. bxc3 {[%emt 0:00:00]} Rxc3+ {[%emt 0:00:00]} 41. Kd2 {[%emt 0:03:52]} a5 {[%emt 0:00:51]} 42. Bb2 {[%emt 0:01:25]} Rc8 {[%emt 0:02:31]} 43. f4 {[%emt 0:00:49]} Bb3 {[%emt 0:00:39]} 44. Ke2 {[%emt 0:03:52]} a4 {[%emt 0:10:58]} 45. Rh2 {[%emt 0:01:05]} Rc5 {[%emt 0:01:22]} 46. Rh4 {[%emt 0:06:13]} fxe4 {[%emt 0:04:35]} 47. fxe5 {[%emt 0:06:33]} exd3+ {[%emt 0:01:48]} 48. Kxd3 {[%emt 0:00:33]} Bxe5 {[%emt 0:01:45]} 49. Bxd4 {[%emt 0:01:38]} Rd5 {[%emt 0:00:39]} 50. Nf3 {[%emt 0:01:18]} Bxg3 {[%emt 0:01:38]} 51. Rg4 {[%emt 0:01:03]} Bd6 {[%emt 0:00:37]} 52. Ng5+ {[%emt 0:00:22]} Ke7 {[%emt 0:01:01]} 53. Ne4 {[%emt 0:03:05]} Bxa3 {[%emt 0:00:51]} 54. Rxg6 {[%emt 0:01:07]} Bb2 {[%emt 0:01:25]} 55. Nc3 {[%emt 0:00:07]} Rh5 {[%emt 0:01:47]} 56. Rg7+ {[%emt 0:00:09]} Ke6 {[%emt 0:00:25]} 57. Rg6+ {[%emt 0:00:59]} Kf7 {[%emt 0:01:07]} 58. Rg7+ {[%emt 0:00:14]} Ke6 {[%emt 0:00:28]} 59. Ne2 {[%emt 0:01:41]} Rh3+ {[%emt 0:01:06]} 60. Be3 {[%emt 0:00:14]} Bxg7 {[%emt 0:00:06]} 61. Nf4+ {[%emt 0:00:20]} Ke5 {Kd4+} 0-1

[Event "ROU-chT Men Superliga 2018"]
[Site "Sovata"]
[Date "2018.11.25"]
[Round "2"]
[White "Dobre, Mihai"]
[Black "Scripcaru, George-Daniel"]
[Result "1/2-1/2"]
[WhiteElo "2104"]
[BlackElo "2176"]
[Annotator "NA"]
[PlyCount "141"]
[EventDate "2018.11.24"]
[EventType "team-tourn"]
[EventCountry "ROU"]
[SourceTitle "playchess.com"]
[Source "ChessBase"]
[SourceQuality "1"]
[TimeControl "40/5400+30:1800+30"]

1. e4 {[%emt 0:00:00]} d5 {[%emt 0:00:00]} 2. exd5 {[%emt 0:00:00]} Qxd5 {[%emt 0:00:00]} 3. Nc3 {[%emt 0:00:00]} Qd8 {[%emt 0:00:00]} 4. d4 {[%emt 0:00:00]} Nf6 {[%emt 0:00:03]} 5. Nf3 {[%emt 0:00:12]} Bg4 {[%emt 0:00:10]} 6. h3 {[%emt 0:00:21]} Bxf3 {[%emt 0:00:09]} 7. Qxf3 {[%emt 0:00:02]} c6 {[%emt 0:00:09]} 8. Qd3 {[%emt 0:01:44]} e6 {[%emt 0:00:15]} 9. g3 {[%emt 0:00:56]} Bd6 {[%emt 0:00:23]} 10. Bg2 {[%emt 0:00:27]} Nbd7 {[%emt 0:01:16]} 11. O-O {[%emt 0:00:24]} O-O {[%emt 0:01:54]} 12. Rd1 {[%emt 0:02:56]} Qa5 {[%emt 0:00:20]} 13. a3 {[%emt 0:11:41]} Rad8 {[%emt 0:00:56]} 14. Bd2 {[%emt 0:04:40]} Qc7 {[%emt 0:01:25]} 15. Ne2 {[%emt 0:05:57]} e5 {[%emt 0:01:27]} 16. c4 {[%emt 0:03:26]} exd4 {[%emt 0:01:00]} 17. Nxd4 {[%emt 0:06:18]} Nc5 {[%emt 0:03:15]} 18. Qf5 {[%emt 0:01:27]} Rfe8 {[%emt 0:13:14]} 19. Bb4 {[%emt 0:22:30]} Nce4 {[%emt 0:09:30]} 20. Qa5 {[%emt 0:11:41]} b6 {[%emt 0:03:43]} 21. Bxd6 {[%emt 0:02:43]} Rxd6 {[%emt 0:04:39]} 22. Qa4 {[%emt 0:00:11]} Qd7 {[%emt 0:07:16]} 23. Nf3 {[%emt 0:01:07]} Rd8 {[%emt 0:01:47]} 24. Re1 {[%emt 0:03:55]} Qf5 {[%emt 0:04:43]} 25. Re2 {[%emt 0:03:07]} b5 {[%emt 0:21:51]} 26. Qc2 {[%emt 0:04:48]} Qc5 {[%emt 0:03:28]} 27. Rxe4 {[%emt 0:01:02]} Nxe4 {[%emt 0:00:10]} 28. Qxe4 {[%emt 0:00:01]} Qxc4 {[%emt 0:00:55]} 29. Qxc4 {[%emt 0:00:55]} bxc4 {[%emt 0:00:07]} 30. Ne5 {[%emt 0:01:19]} Rd1+ {[%emt 0:00:08]} 31. Rxd1 {[%emt 0:00:08]} Rxd1+ {[%emt 0:00:05]} 32. Bf1 {[%emt 0:00:20]} c3 {[%emt 0:00:50]} 33. bxc3 {[%emt 0:00:21]} c5 {[%emt 0:00:22]} 34. Nd3 {[%emt 0:05:54]} Ra1 {[%emt 0:01:39]} 35. Nxc5 {[%emt 0:00:05]} Rxa3 {[%emt 0:00:03]} 36. c4 {[%emt 0:00:26]} a5 {[%emt 0:01:07]} 37. Nd7 {[%emt 0:02:26]} a4 {[%emt 0:01:19]} 38. Nb6 {[%emt 0:03:47]} Ra1 {[%emt 0:00:08]} 39. Nxa4 {[%emt 0:01:29]} Rxa4 {[%emt 0:00:08]} 40. Kg2 {[%emt 0:00:00]} Ra3 {[%emt 0:00:00]} 41. Be2 {[%emt 0:00:20]} Rc3 {[%emt 0:00:15]} 42. f3 {[%emt 0:01:10]} h5 {[%emt 0:00:17]} 43. h4 {[%emt 0:01:10]} g6 {[%emt 0:00:30]} 44. Kf2 {[%emt 0:02:07]} Kg7 {[%emt 0:00:07]} 45. Ke1 Kf6 {[%emt 0:00:12]} 46. Kd2 {[%emt 0:00:10]} Ra3 {[%emt 0:00:11]} 47. Bd3 {[%emt 0:00:57]} Ke5 {[%emt 0:00:31]} 48. Be4 {[%emt 0:02:22]} Kd4 {[%emt 0:00:10]} 49. Bd5 {[%emt 0:00:33]} Ra2+ {[%emt 0:00:52]} 50. Ke1 {[%emt 0:00:00]} Ke3 {[%emt 0:00:58]} 51. Kf1 {[%emt 0:00:06]} f6 {[%emt 0:00:20]} 52. f4 {[%emt 0:01:49]} Rc2 {[%emt 0:00:21]} 53. Kg1 {[%emt 0:00:34]} Ra2 {[%emt 0:01:50]} 54. Kf1 {[%emt 0:00:18]} Ra7 {[%emt 0:02:14]} 55. Kg2 {[%emt 0:00:22]} Rg7 {[%emt 0:00:15]} 56. Be6 {[%emt 0:01:00]} f5 {[%emt 0:00:55]} 57. Bd5 {[%emt 0:00:14]} Rc7 {[%emt 0:00:24]} 58. Kf1 {[%emt 0:00:37]} Ra7 {[%emt 0:00:15]} 59. Kg2 {[%emt 0:00:18]} Ra2+ {[%emt 0:00:10]} 60. Kf1 {[%emt 0:00:10]} Rc2 {[%emt 0:01:15]} 61. Kg1 {[%emt 0:00:40]} Ra2 {[%emt 0:01:44]} 62. Kf1 {[%emt 0:00:05]} Ra7 {[%emt 0:00:57]} 63. Kg2 {[%emt 0:00:06]} Rc7 {[%emt 0:00:04]} 64. Kf1 {[%emt 0:00:40]} Kd3 {[%emt 0:00:12]} 65. Kf2 {[%emt 0:01:06]} Re7 {[%emt 0:00:57]} 66. Kf1 {[%emt 0:00:56]} Rc7 {[%emt 0:01:03]} 67. Kf2 {[%emt 0:00:06]} Rxc4 {[%emt 0:00:09]} 68. Bxc4+ {[%emt 0:00:08]} Kxc4 {[%emt 0:00:05]} 69. Ke2 {[%emt 0:01:07]} Kd4 {[%emt 0:00:50]} 70. Kd2 {[%emt 0:00:17]} Ke4 {[%emt 0:00:06]} 71. Ke2 {[%emt 0:00:03] Ke5} 1/2-1/2

[Event "ROU-chT Men Superliga 2018"]
[Site "Sovata"]
[Date "2018.11.26"]
[Round "3"]
[White "Berkes, Ferenc"]
[Black "Petrisor, Adrian-Marian"]
[Result "1-0"]
[WhiteElo "2661"]
[BlackElo "2425"]
[Annotator "TA"]
[PlyCount "45"]
[EventDate "2018.11.24"]
[EventType "team-tourn"]
[EventCountry "ROU"]
[SourceTitle "playchess.com"]
[Source "ChessBase"]
[SourceQuality "1"]

{[%evp 14,45,0,0,12,5,56,50,50,47,46,42,71,33,80,79,141,145,174,185,192,182,253,232,400,416,353,349,372,273,654,646,904,327]} 1. d4 Nf6 2. Nf3 e6 3. g3 d5 4. Bg2 Be7 5. O-O O-O 6. b3 c5 7. Bb2 {D02: 1 d4 d5 2 Nf3 sidelines, including 2...Nf6 3 g3 and 2...Nf6 3 Bf4} cxd4 (7... Nc6 8. dxc5 Bxc5 9. c4 dxc4 10. Qc1 Bd7 11. Qxc4 Be7 12. e4 Rc8 13. Qe2 Qa5 14. Rd1 Rfd8 15. Nbd2 b5 {1-0 (62) Nakamura,H (2777)-Dominguez Perez,L (2739) Saint Louis 2018}) 8. Nxd4 {LiveBook: 7 Games} Qb6 9. c4 $146 {The position is equal.} ({Predecessor:} 9. Qd3 Nc6 10. Nxc6 bxc6 11. c4 Ba6 12. Nd2 Rfd8 13. Qc2 Rac8 14. Rac1 d4 {½-½ (25) Bilek,I (2395)-Portisch,L (2585) Hungary 1995}) 9... dxc4 (9... e5 $11) 10. Nd2 $14 cxb3 11. Nc4 (11. N4xb3 Nc6 $15) 11... Qd8 12. axb3 Nd5 13. e4 {[%cal Be2e4,Be4e5][%mdl 1056] White has strong compensation.} Nb4 14. Qg4 g6 (14... Nd3 $142 15. Nxe6 g6) 15. Rfd1 $16 Qc7 16. Nb5 $36 {[%mdl 2112] [#] Double Attack. White is really pushing.} Qc5 17. Nbd6 N8c6 (17... e5 $142 18. Nxc8 Qxc8 19. Qxc8 (19. Nxe5 Qc2 $16) 19... Rxc8) 18. e5 $18 {And now Ne4 would win.} Bxd6 $2 (18... Nd5 19. Ba3 Ncb4) 19. Nxd6 ({Not} 19. exd6 Bd7 $16) 19... Qc2 {[#]} 20. Ba3 $1 {[%cal Ra3b4]} Nd5 21. Qg5 f6 $2 (21... Qc3 22. f4 f5 23. exf6 Qxf6 24. Qxf6 Nxf6) 22. exf6 Nxf6 23. Nxc8 $2 {Accuracy: White = 87%, Black = 31%.} (23. Rd2 Qxb3 24. Ne4) 1-0

[Event "ROU-chT Men Superliga 2018"]
[Site "Sovata"]
[Date "2018.11.26"]
[Round "3"]
[White "Kuzubov, Yuriy"]
[Black "Erdos, Viktor"]
[Result "1/2-1/2"]
[WhiteElo "2660"]
[BlackElo "2604"]
[Annotator "TA"]
[PlyCount "43"]
[EventDate "2018.11.24"]
[EventType "team-tourn"]
[EventCountry "ROU"]
[SourceTitle "playchess.com"]
[Source "ChessBase"]
[SourceQuality "1"]

{[%evp 14,43,17,20,24,12,14,22,18,28,18,6,8,4,8,2,9,0,3,4,13,0,0,5,8,17,2,11,4,0,0,-7]} 1. Nf3 Nf6 2. c4 g6 3. g3 Bg7 4. Bg2 d5 5. O-O O-O 6. cxd5 Nxd5 7. d4 Nc6 8. Nc3 e5 {[%cal Re5d4] D74: Fianchetto Grünfeld: Main Line (5 Nf3 0-0 6 cxd5 Nxd5 7 0-0)} 9. Nxd5 {Nxe5 is the strong threat.} e4 10. Ne5 (10. Nd2 Qxd5 11. e3 f5 12. b3 Be6 13. Ba3 Rfd8 14. Rc1 Qd7 15. Qc2 Rac8 16. Rfd1 {0-1 (91) Duda,J (2737)-Grischuk,A (2766) chess.com INT 2018}) 10... Qxd5 {[%mdl 64] [#] Double Attack} 11. Nxc6 Qxc6 12. Bf4 {The position is equal.} Bg4 13. h3 Be6 14. Rc1 Qd5 15. Rxc7 Rac8 16. Rxc8 Rxc8 17. b3 $146 Bxd4 18. e3 Bg7 19. Qxd5 Bxd5 20. Rd1 Bc6 21. h4 Bf6 22. Bh3 1/2-1/2

[Event "ROU-chT Men Superliga 2018"]
[Site "Sovata"]
[Date "2018.11.26"]
[Round "3"]
[White "Parligras, Mircea-Emilian"]
[Black "Miron, Lucian-Costin"]
[Result "1-0"]
[WhiteElo "2645"]
[BlackElo "2465"]
[Annotator "TA"]
[PlyCount "123"]
[EventDate "2018.11.24"]
[EventType "team-tourn"]
[EventCountry "ROU"]
[SourceTitle "playchess.com"]
[Source "ChessBase"]
[SourceQuality "1"]

{[%evp 25,123,25,26,14,39,15,20,20,39,14,60,25,52,52,43,45,73,66,82,71,111,102,346,347,325,334,342,336,460,493,463,456,476,459,445,468,457,460,458,450,411,227,231,205,232,232,226,222,275,275,275,272,264,262,275,275,251,275,267,267,267,267,342,341,347,316,341,340,336,336,407,406,399,382,485,443,623,628,633,629,629,623,699,690,754,743,814,804,1074,1072,1091,1091,4635,11989,4571,4578,29992,29993,29993,29994]} 1. d4 d5 2. c4 c6 3. Nf3 Nf6 4. Nc3 dxc4 5. a4 Bf5 6. Ne5 e6 7. f3 Bb4 8. Nxc4 O-O 9. Kf2 {D17: Slav Defence: 5 a4 Bf5: Lines with 6 Nh4 and 6 Ne5} c5 10. e4 Bg6 11. Na2 Nc6 {[%cal Bb8c6,Bc6b4,Bb4c2][%mdl 32]} 12. Nxb4 Nxb4 13. Qb3 Nxe4+ {LiveBook: 7 Games} 14. fxe4 Bxe4 {[#] And now ...Nc2 would win.} 15. Bd2 (15. Bf4 Qf6 16. Qe3 Rad8 17. Qxe4 Rxd4 {1-0 (49) Zhou,J (2630)-Shankland,S (2679) Atlantic City 2016}) 15... Nc2 16. Rc1 Nxd4 {[#]} 17. Qe3 $146 Bc6 18. a5 Qd5 19. Bc3 Qf5+ 20. Kg1 Rad8 21. h4 f6 22. Rh3 e5 23. b4 e4 $2 (23... Nb3 $16) 24. bxc5 $18 Qxc5 25. Rd1 Ne6 {[#]} 26. Nd6 $1 {[%mdl 512] aiming for Qxc5.} Qa3 (26... Rxd6 27. Qxc5) 27. Be1 Qa4 28. Qb3 Qxb3 29. Rxb3 Rfe8 ({Stronger than} 29... Ba4 30. Bc4 $18) 30. Bc4 Ba4 31. Nxe8 Rxd1 32. Bxe6+ Kf8 33. Re3 (33. Rxb7 $142 Bc6 34. Rxa7) 33... Bxe8 34. Bf5 b6 35. axb6 axb6 36. Bxe4 h5 37. Kh2 Rd4 38. Kg3 Bf7 39. Bc3 Rc4 40. Bf3 Kg8 41. Rd3 b5 42. Rd8+ Kh7 43. Bd2 Bg6 44. Rd5 b4 45. Rb5 Be8 46. Rb6 Rc5 47. Bxb4 Rc7 48. Rb8 Bf7 49. Rb5 g6 50. Ba3 Ra7 (50... Be8 $142) 51. Bb2 Ra6 52. Rb7 Kg8 53. Be4 Kf8 54. Kf4 Kg8 55. Rc7 Rd6 56. Bc6 Bd5 57. Be8 Rb6 58. Bc3 g5+ 59. hxg5 fxg5+ 60. Kxg5 Bxg2 61. Rc8 {[%csl Gg5][%cal Re8g6]} Kf8 62. Bf6 {Accuracy: White = 83%, Black = 44%.} 1-0

[Event "ROU-chT Men Superliga 2018"]
[Site "Sovata"]
[Date "2018.11.26"]
[Round "3"]
[White "Svetushkin, Dmitry"]
[Black "Cioara, Andrei-Nestor"]
[Result "1-0"]
[WhiteElo "2605"]
[BlackElo "2427"]
[Annotator "TA"]
[PlyCount "50"]
[EventDate "2018.11.24"]
[EventType "team-tourn"]
[EventCountry "ROU"]
[SourceTitle "playchess.com"]
[Source "ChessBase"]
[SourceQuality "1"]

{[%evp 12,50,37,34,73,59,77,62,137,120,131,147,144,127,124,114,68,75,95,66,268,269,230,234,247,253,367,370,321,324,539,516,537,523,810,798,733,714,29989,29990,29991]} 1. e4 d5 2. exd5 Qxd5 3. Nc3 Qa5 4. d4 Nf6 5. Nf3 Bf5 6. Ne5 c6 7. Bf4 e6 {B01: Scandinavian Defence} (7... Nbd7 8. Nc4 Qd8 9. Qe2 Be6 10. Ne5 g6 11. O-O-O Bg7 12. h4 Qa5 13. Kb1 Nxe5 14. Bxe5 O-O 15. Qe1 {0-1 (46) Shomoev,A (2561)-Laznicka,V (2666) Ho Chi Minh City 2016}) 8. g4 Bg6 9. h4 {[%cal Bh2h4,Bh4h5][%mdl 32]} Ne4 (9... Nd5 $14) 10. Rh3 $146 {Threatens to win with Re3.} ({Predecessor:} 10. Rb1 Nxc3 11. bxc3 Qxc3+ 12. Qd2 Qxc2 13. Qxc2 Bxc2 14. Rxb7 Bd6 15. Nxf7 Bxf4 16. Nxh8 {1-0 (39) Rosa Ramirez,V (2411)-O'Hare,C (2438) ICCF email 2011}) 10... Nxc3 11. bxc3 Nd7 12. Nxd7 Kxd7 13. h5 $36 {[%mdl 2048] Keeping Black busy.} Be4 14. Qe2 f5 15. Re3 Bd6 $2 {[#]} ({Black should try} 15... Rd8 $1 $14) 16. Bxd6 $18 Kxd6 17. f3 Bd5 18. gxf5 exf5 (18... Rae8 $142 19. Kd1 e5 20. dxe5+ (20. c4 Bf7 $18) 20... Kc7) 19. Kd2 Qd8 20. Rb1 (20. Qh2+ Kd7 $16) 20... b6 $2 (20... Rb8 21. Re1 (21. Qh2+ Kd7 $16) 21... Qg5) 21. c4 ({Not} 21. Qh2+ Kd7 $16) 21... Bf7 22. Re1 {Re7 would kill now.} Qg5 23. Qh2+ f4 {[#]} 24. Re7 $1 {[%mdl 512] And now Bh3 would win.} Qa5+ (24... Qxe7 25. Qxf4+) 25. Kd1 Qg5 {Accuracy: White = 100%, Black = 29%.} 1-0

[Event "ROU-chT Men Superliga 2018"]
[Site "Sovata"]
[Date "2018.11.26"]
[Round "3"]
[White "Lupulescu, Constantin"]
[Black "Visakh N R"]
[Result "1/2-1/2"]
[WhiteElo "2601"]
[BlackElo "2489"]
[Annotator "TA"]
[PlyCount "76"]
[EventDate "2018.11.24"]
[EventType "team-tourn"]
[EventCountry "ROU"]
[SourceTitle "playchess.com"]
[Source "ChessBase"]
[SourceQuality "1"]

{[%evp 22,76,43,29,50,39,37,37,56,47,50,40,47,57,52,59,31,19,27,23,27,23,16,18,14,0,0,0,0,0,0,0,0,0,0,0,0,0,0,0,0,0,0,0,0,0,0,0,0,0,0,0,0,0,0,0,0]} 1. d4 Nf6 2. c4 e6 3. Nf3 d5 4. Nc3 Bb4 5. e3 O-O 6. Bd2 c5 7. a3 Bxc3 8. Bxc3 Ne4 9. Rc1 Nxc3 10. Rxc3 cxd4 11. Nxd4 dxc4 {E51: Nimzo-Indian: Rubinstein: 4...0-0 5 Nf3 d5} 12. Bxc4 {LiveBook: 6 Games} e5 (12... Bd7 13. O-O Nc6 14. Nf3 Qe7 15. Qc2 Rfd8 16. Bd3 h6 17. Rc1 Qf6 18. Bh7+ Kh8 19. Be4 {1-0 (47) Rakhmanov,A (2627)-Goganov,A (2576) Ankara 2018}) 13. Nb5 {[#] Hoping for Qxd8.} Qxd1+ {White is slightly better.} 14. Kxd1 {Nc7 is the strong threat.} Rd8+ 15. Kc1 Nc6 16. Bd5 Ne7 ({Wrong is} 16... Rxd5 $2 17. Nc7 $16) 17. Bf3 a6 18. Nc7 $146 {[%cal Rc7a8]} ({Predecessor:} 18. Rc7 Nd5 19. Bxd5 Rxd5 {½-½ (32) Serra Pages,J (2231)-Martinez Rodriguez,P (2286) Benidorm 2010}) 18... Rb8 19. Rd1 Rxd1+ 20. Kxd1 Bf5 21. g4 Rd8+ 22. Kc1 {The position is equal.} e4 23. gxf5 exf3 $11 {[%mdl 4096] Endgame KRN-KRN} 24. e4 Rd4 25. Nd5 Nc6 26. Nb4 Rxe4 27. Nxc6 bxc6 28. Rxc6 {[#] Rc8+ would kill now. KR-KR} Kf8 (28... f6 {seems wilder.} 29. Rc2 Re5 30. Kd2 a5 31. b4 axb4 32. axb4 Kf8) 29. f6 gxf6 30. b4 Re1+ 31. Kb2 Ke7 32. Kb3 Re2 33. Rc2 Kd6 34. a4 Kd5 35. Rc5+ Ke4 36. Rc2 $1 Kd5 37. Rc5+ Ke4 38. Rc2 Kd5 {Accuracy: White = 89%, Black = 90%.} 1/2-1/2